000 00456nam a2200169Ia 4500
001 39285
008 140423s9999 xx 000 0 und d
020 _a9788173198427
040 _cPK-LaUMT
082 _a 515
_bJOS-C
100 _aJoshi, K. D.
245 _aCalculus for scientists and engineers
_ban analytical approach
_cJoshi, K. D.
260 _aNew Delhi,India:
_bNarosa Publishing House,
_c2007
300 _a797 p.
546 _aEN
942 _cBK
999 _c38595
_d38595